Central Library || Chittagong University

Development of moral philosophy in India ./ (Record no. 111050)

MARC details
000 -LEADER
fixed length control field 00470nam a22001697a 4500
003 - CONTROL NUMBER IDENTIFIER
control field BD-ChCU
005 - DATE AND TIME OF LATEST TRANSACTION
control field 20260115085322.0
008 - FIXED-LENGTH DATA ELEMENTS--GENERAL INFORMATION
fixed length control field 260115b bg ||||| |||| 00| 0 ben d
040 ## - CATALOGING SOURCE
Transcribing agency BD-ChCU
082 ## - DEWEY DECIMAL CLASSIFICATION NUMBER
Classification number 181.49 SUD
100 ## - MAIN ENTRY--PERSONAL NAME
Personal name Surama Dasgupta .
9 (RLIN) 19257
245 ## - TITLE STATEMENT
Title Development of moral philosophy in India ./
Statement of responsibility, etc. Dasgupta Surama .
260 ## - PUBLICATION, DISTRIBUTION, ETC.
Place of publication, distribution, etc. Bombay :
Name of publisher, distributor, etc. Orient Longmans ,
Date of publication, distribution, etc. C 1961
300 ## - PHYSICAL DESCRIPTION
Extent iv , 226p.
650 #0 - SUBJECT ADDED ENTRY--TOPICAL TERM
Topical term or geographic name entry element Ethics .
9 (RLIN) 19258
942 ## - ADDED ENTRY ELEMENTS (KOHA)
Source of classification or shelving scheme Dewey Decimal Classification
Koha item type Books
Suppress in OPAC No
Holdings
Withdrawn status Lost status Source of classification or shelving scheme Damaged status Not for loan Home library Current library Shelving location Date acquired Source of acquisition Total Checkouts Full call number Barcode Date last seen Copy number Price effective from Koha item type
    Dewey Decimal Classification     Chittagong University Library Chittagong University Library Arts and Humanities Reading Room 01/15/2026 Purchase   181.49 SUD 84794 01/15/2026 C-1 01/15/2026 Books
© Copyright 2026. Chittagong University Library, Installation and Maintenance by Prof. Dr. Md. Alamgir, 01711306253